Differential Calculus: (Record no. 181881)

000 -LEADER
fixed length control field 01189 a2200193 4500
003 - CONTROL NUMBER IDENTIFIER
control field NUST
005 - DATE AND TIME OF LATEST TRANSACTION
control field 20230706140507.0
040 ## - CATALOGING SOURCE
Transcribing agency NUST
082 ## - DEWEY DECIMAL CLASSIFICATION NUMBER
Classification number 515.3,MAR
100 ## - MAIN ENTRY--PERSONAL NAME
Personal name Shanti Narayan
9 (RLIN) 10406
245 ## - TITLE STATEMENT
Title Differential Calculus:
Remainder of title for B.A & B.Sc students /
Statement of responsibility, etc. Shanti Narayan
250 ## - EDITION STATEMENT
Edition statement 11th ed.
260 ## - PUBLICATION, DISTRIBUTION, ETC.
Place of publication, distribution, etc. New Delhi
Name of publisher, distributor, etc. S.Chand
Date of publication, distribution, etc. 1964
300 ## - PHYSICAL DESCRIPTION
Extent x,408p.;
505 ## - FORMATTED CONTENTS NOTE
Formatted contents note Real Numbers, Variables, Functions (Page-1), Some Important Classes Of Functions And Their Graphs (Page-18), Continuity And Limit (Page-37), Differentiation (Page-72), Successive Differentiation (Page-113), General Theorems (Page-130), Maxima And Minima, Greatest And Least Values (Page-148), Evaluation Of Limits (Page-165), Taylor’s Infinite Series (Page-179), Functions Of Two Variables (Page-193), Some Important Curves (Page-238), Tangents And Normals (Page-254), Derivative Of Arcs (Page-274), Concavity, Convexity, Inflexion (Page-281), Curvature, Evolutes (Page-292), Asymptotes (Page-313), Singular Points, Multiple Points (Page-335), Curve Tracing (Page-348), Envelopes (Page-369).
600 ## - SUBJECT ADDED ENTRY--PERSONAL NAME
Personal name Shanti Narayan
9 (RLIN) 10406
650 ## - SUBJECT ADDED ENTRY--TOPICAL TERM
Topical term or geographic name entry element Differential Equations
9 (RLIN) 688
942 ## - ADDED ENTRY ELEMENTS (KOHA)
Source of classification or shelving scheme
Koha item type Book
Call number prefix 515.3,NAR
Holdings
Withdrawn status Lost status Source of classification or shelving scheme Damaged status Not for loan Permanent Location Current Location Shelving location Date acquired Full call number Barcode Date last seen Price effective from Koha item type Public note Collection code Total Checkouts
          Military College of Signals (MCS) Military College of Signals (MCS) General Stacks 12/12/2016 515.3,NAR MCS21966 12/08/2016 12/12/2016 Book Almirah No.82, Shelf No.4    
          Military College of Signals (MCS) Military College of Signals (MCS)   12/12/2016 515.3 NAR MCS7492 12/08/2016 12/12/2016 Book      
© 2023 Central Library, National University of Sciences and Technology. All Rights Reserved.